• 首页
  • 本馆介绍
  • 公告通知
  • 最新文献
  • 馆藏检索
  • 电子资源
  • 读者导购
  • 参考咨询
  • 我的图书馆
  • 登录
  • 详细信息显示
  • 放入我的书架
  • 预约/预借图书
  • 作者相关作品
  • 分类相关作品
  • 丛书相关作品
  • 出版社相关作品

书目信息

  • 表格格式
  • 工作单格式
  • 卡片格式
题名:
公共部门人力资源管理
    
 
作者: 孙柏瑛 , 祁光华 编著
分册:  
出版信息: 北京   中国人民大学出版社  2010
页数: 286页
开本: 23cm
丛书名:
单 册:
中图分类: D035.2
科图分类:
主题词: 人事管理学--教材 , 人事管理学
电子资源:
ISBN: 978-7-300-11619-8
000 00827nlm0 2200277 450
001 523
005 20140905095802.57
010    @a978-7-300-11619-8@dCNY28.00
100    @a20100305d2010 em y0chiy50 ea
101 0  @achi
102    @aCN@b110000
105    @ay z 000yy
106    @ar
200 1  @a公共部门人力资源管理@f孙柏瑛,祁光华编著
205    @a3版
210    @a北京@c中国人民大学出版社@d2010
215    @a286页@d23cm
325    @a电子复制品
330    @a本书以客观描述公共部门人力资源管理的环境、制度和各项管理环节为目的,揭示公共人力资源管理的性质与本质特征,并注重介绍本领域的前沿技术与方法。
606 0  @a人事管理学@j教材
606 0  @a人事管理学
690    @aD035.2@v5
701  0 @a孙柏瑛@4编著
701  0 @a祁光华@4编著
801  0 @aCN@bTANGWEI@c20140603
905    @b0842591-93@dD035.2@e117=3@f3
    
    公共部门人力资源管理/孙柏瑛,祁光华编著.-3版.-北京:中国人民大学出版社,2010
    286页;23cm
    
    
    ISBN 978-7-300-11619-8:CNY28.00
    本书以客观描述公共部门人力资源管理的环境、制度和各项管理环节为目的,揭示公共人力资源管理的性质与本质特征,并注重介绍本领域的前沿技术与方法。
●
相关链接 在E读中查询图书 在五车中查询图书 在当当中查询图书 在豆瓣中查询图书


正题名:公共部门人力资源管理     索取号:D035.2/117=3         预约/预借

序号 登录号 条形码 馆藏地/架位号 状态 备注
1 0842591   208425916   第一样本阅览室/ [索取号:D035.2/117=3] 在馆    
2 0842592   208425925   第一借阅区/ [索取号:D035.2/117=3] 在馆    
3 0842593   208425934   第一借阅区/ [索取号:D035.2/117=3] 在馆    
唐山师范学院图书馆 欢迎您!
大连网信软件有限公司© 版权所有